000 00326nam a2200133 a 4500
020 _a9789588323060
090 _aRE
_b00038
041 _aspa
245 _aAtlas de Cundinamarca
260 _aBogotá
_bInstituto Geográfico Agustín Codazzi
_c2007
300 _a201 p.
662 _aColombia
_bCundinamarca
942 _cIMPRESO
_01
999 _c6712
_d6712